LEADER 00869nam0-22002891i-450 001 990001750210403321 005 20201211104925.0 035 $a000175021 035 $aFED01000175021 035 $a(Aleph)000175021FED01 035 $a000175021 100 $a20030910d1977----km-y0itay50------ba 101 0 $aita 200 1 $a<>cloni di pioppo iscritti nel registro nazionale italiano dei cloni forestali$fMichele Sekawin 210 $aRoma$cMAF$d1977 215 $a150 p.$d24 cm 225 1 $aCollana verde$v45 610 0 $aPopulus 676 $a634.972 3 700 1$aSekawin,$bMichele$075948 801 0$aIT$bUNINA$gRICA$2UNIMARC 901 $aBK 912 $a990001750210403321 952 $a60 630.2 B 27/45$b2752$fFAGBC 959 $aFAGBC 996 $aCloni di pioppo iscritti nel registro nazionale italiano dei cloni forestali$9365487 997 $aUNINA